000 00450cam a2200181ua 4500
001 2415
008 110816n ii |||gr||||Z||||||asm
040 _cMAIN
082 _a398.09145
100 1 _aKuli, Jawahar Jyoti,
_eAuthor.
245 1 _aMising sanskrit
_cby Jawahar Jyoti Kuli
250 _a1st.
260 _aDibrugarh:
_bKaustubh Prakashan,
_c2003.
300 _a85p:
_c23cm.
653 _aFolklore
653 _aAssamese culture
942 _cBK
999 _c2272
_d2272